Visualizzazione normale
Vista MARC
- Giuseppe Carrieri
di Personal Name
Records bibliografici associati: 1
001 - CONTROL NUMBER
- control field: 13969
003 - CONTROL NUMBER IDENTIFIER
- control field: IT-RoPau
005 - DATE AND TIME OF LATEST TRANSACTION
- control field: 20140218162311.0
008 - FIXED-LENGTH DATA ELEMENTS
- fixed length control field: 140218|| aca||aabn | a|a d
040 ## - CATALOGING SOURCE
- Original cataloging agency: IT-RoPau
- Transcribing agency: IT-RoPau
100 ## - HEADING--PERSONAL NAME
- Personal name: Giuseppe Carrieri
670 ## - SOURCE DATA FOUND
- Source citation: Work cat.: (IT-RoPau)17899: Giuseppe Carrieri, I Sonetti del Rosario, 1950